ბათუმის შოთა რუსთაველის სახელმწიფო უნივერსიტეტის ბიბლიოთეკა

Физические методы лечения : (ბიბ.ჩანაწერი № 42469)

000 -LEADER
fixed length control field 00901nam a2200241Ia 4500
001 - CONTROL NUMBER
control field 9165
003 - CONTROL NUMBER IDENTIFIER
control field GE_BSU
005 - DATE AND TIME OF LATEST TRANSACTION
control field 20240607163355.0
008 - FIXED-LENGTH DATA ELEMENTS--GENERAL INFORMATION
fixed length control field 181216s2002||||ru |||||||||||||| ||rus||
020 ## - INTERNATIONAL STANDARD BOOK NUMBER
International Standard Book Number 5942770123
040 ## - CATALOGING SOURCE
Transcribing agency GE_BSU
041 ## - LANGUAGE CODE
Language code of text/sound track or separate title rus
080 ## - UNIVERSAL DECIMAL CLASSIFICATION NUMBER
Universal Decimal Classification number 615.83(035) П-56
100 ## - MAIN ENTRY--PERSONAL NAME
Personal name Пономаренко, Г. Н.
9 (RLIN) 22368
245 ## - TITLE STATEMENT
Title Физические методы лечения :
Remainder of title Справочник по физиотерапии для врачей /
Statement of responsibility, etc. Г.Н. Пономаренко.
250 ## - EDITION STATEMENT
Edition statement Изд-е 2-е перераб.
264 ## - PRODUCTION, PUBLICATION, DISTRIBUTION, MANUFACTURE, AND COPYRIGHT NOTICE
Place of production, publication, distribution, manufacture Санкт-Ретербург :
Name of producer, publisher, distributor, manufacturer ?,
Date of production, publication, distribution, manufacture, or copyright notice 2002.
300 ## - PHYSICAL DESCRIPTION
Extent 299 стр. ;
Dimensions 21 см.
500 ## - GENERAL NOTE
General note Приложение указатель стр. : 288-294
653 ## - INDEX TERM--UNCONTROLLED
keyword Справочник по физиотерапии для врачей
653 ## - INDEX TERM--UNCONTROLLED
keyword Физические методы лечения
942 ## - ADDED ENTRY ELEMENTS (KOHA)
Koha item type წიგნი
Source of classification or shelving scheme
ეგზემპლარები
Withdrawn status Lost status Source of classification or shelving scheme Damaged status Not for loan Permanent Location Current Location Shelving location Date acquired Full call number Barcode Date last seen Copy number Price effective from Koha item type
          ბათუმის შოთა რუსთაველის სახელმწიფო უნივერსიტეტის მთავარი ბიბლიოთეკა ბათუმის შოთა რუსთაველის სახელმწიფო უნივერსიტეტის მთავარი ბიბლიოთეკა წიგნსაცავი 2018-12-17 615.83(035) П-56 26814 2018-12-17 26814 2018-12-17 წიგნი